ARRUPE JESUIT UNIVERSITY

CORONAVIRUS -STOP THE SPREAD - CLEAN,DISINFECT,COVER

Selected poems (Record no. 127073)

MARC details
000 -LEADER
fixed length control field 00992cam a2200289 i 4500
001 - CONTROL NUMBER
control field 1775510
003 - CONTROL NUMBER IDENTIFIER
control field ARRUPE
005 - DATE AND TIME OF LATEST TRANSACTION
control field 20171010121103.0
008 - FIXED-LENGTH DATA ELEMENTS--GENERAL INFORMATION
fixed length control field 770830s1977 mau b 000 0 eng
010 ## - LIBRARY OF CONGRESS CONTROL NUMBER
LC control number 77012999
020 ## - INTERNATIONAL STANDARD BOOK NUMBER
International Standard Book Number 0395257174
020 ## - INTERNATIONAL STANDARD BOOK NUMBER
International Standard Book Number 0395259525 (pbk.)
040 ## - CATALOGING SOURCE
Original cataloging agency DLC
Transcribing agency DLC
Modifying agency DLC
041 0# - LANGUAGE CODE
Language code of text/sound track or separate title engfre
050 00 - LIBRARY OF CONGRESS CALL NUMBER
Classification number PQ1590.E5
Item number K5
082 00 - DEWEY DECIMAL CLASSIFICATION NUMBER
Classification number 841/.2
300 ## - PHYSICAL DESCRIPTION
Dimensions 20 cm.
100 1# - MAIN ENTRY--PERSONAL NAME
Personal name Villon, François,
9 (RLIN) 26682
245 14 - TITLE STATEMENT
Title Selected poems
Statement of responsibility, etc François Villon, chosen and translated by Peter Dale
260 ## - PUBLICATION, DISTRIBUTION, ETC. (IMPRINT)
Place of publication, distribution, etc London :
Name of publisher, distributor, etc Penguin Books,
Date of publication, distribution, etc 1978.
300 ## - PHYSICAL DESCRIPTION
Extent 240 p. ;
440 ## - SERIES STATEMENT/ADDED ENTRY--TITLE
Title Penguin classics
9 (RLIN) 36970
500 ## - GENERAL NOTE
General note French/English
700 1# - ADDED ENTRY--PERSONAL NAME
Personal name Dale, Peter (ed.)
9 (RLIN) 36969
906 ## - LOCAL DATA ELEMENT F, LDF (RLIN)
a 7
b cbc
c orignew
d 1
e ocip
f 19
g y-gencatlg
942 ## - ADDED ENTRY ELEMENTS (KOHA)
Source of classification or shelving scheme Library of Congress Classification
Koha item type Monograph ( Printed materials)
Holdings
Withdrawn status Lost status Source of classification or shelving scheme Damaged status Not for loan Collection code Home library Current library Date acquired Total Checkouts Full call number Barcode Date last seen Price effective from Koha item type
    Library of Congress Classification     Main Collection ARRUPE LIBRARY ARRUPE LIBRARY 10/10/2017   PQ1590.A2 1978 46500027543 26/03/2019 10/10/2017 Monograph ( Printed materials)

 

Arrupe Library. PO Box MP320 Mt Pleasant, Harare, Zimbabwe
263 242 745411|librarian@aju.ac.zw